Adivina el país o territorio con emojis #5 - Estadísticas

Estadísticas generales
  • Esta prueba ha sido intentada 15 veces
  • La puntuación promedio es 13 de 30
Estadísticas de respuestas
Imagen Hint Respuesta % Correcto
Asia Chipre
92%
Europa / Asia Armenia
69%
Europa / Asia Georgia
69%
Europa Liechtenstein
69%
América Surinam
69%
América Barbados
62%
Asia Líbano
54%
Europa Montenegro
54%
Oceanía Samoa
54%
Asia Kazajistán
46%
Oceanía Kiribati
46%
África Seychelles
46%
África Tanzania
46%
América Aruba
38%
América Belice
38%
América Honduras
38%
Oceanía Islas Marshall
38%
África Namibia
38%
África República Democrática del Congo
38%
América Antigua y Barbuda
31%
África Mali
31%
Europa Moldavia
31%
Asia Uzbekistán
31%
Europa / Asia Azerbaiyán
23%
África Botsuana
23%
América Nicaragua
23%
Asia Palestina
23%
Asia Timor Oriental
23%
Asia Turkmenistán
23%
África Zimbabue
15%
No se encontraron pruebas coincidentes
Distribución de puntuación
Porcentaje de gente con cada puntuación
Porcentaje por número respondido
Historial de tus puntuaciones
No has intentado esta prueba.